Per l’estalvi i l’eficiència energètica : energies renovables energies renovables
Publicado:
[Barcelona] :
Diputació de Barcelona. Àrea de Medi Ambient: Àrea d'Educació: Ajuntament de Barcelona, DL 1999
Descripción Física:
1 f. plegat en 3 parts ; 21 cm
Materias:
Energies renovables
MARC
| LEADER | 00000nam a2200000Ia 4500 | ||
|---|---|---|---|
| 001 | 24542 | ||
| 008 | 160829s9999 xx 000 0 cat d | ||
| 080 | |a FU-67-37 | ||
| 245 | |a Per l’estalvi i l’eficiència energètica : |b energies renovables | ||
| 260 | |a [Barcelona] : |b Diputació de Barcelona. Àrea de Medi Ambient: |b Àrea d'Educació: |b Ajuntament de Barcelona, DL 1999 | ||
| 300 | |a 1 f. plegat en 3 parts ; |c 21 cm | ||
| 650 | 0 | |a Energies renovables |9 50230 | |
| 710 | 1 | |a Barcelona (Catalunya). |b Ajuntament |9 50981 | |
| 710 | |a Barcelona (Catalunya : Província). |b Àrea d'Educació |9 8009 | ||
| 710 | |a Barcelona (Catalunya : Província). |b Àrea de Medi Ambient |9 52987 | ||
| 901 | |a Arxiu | ||
| 942 | |n 1 |2 udc | ||
| 952 | |0 0 |1 0 |4 0 |6 FU6737 |7 1 |9 55896 |a Arxiu |b Arxiu |d 2016-12-01 |l 0 |o FU-67-37 |p 24542 |r 2016-12-01 00:00:00 |w 2016-12-01 |y ARXIU | ||
| 999 | |c 59769 |d 59769 | ||